| 000 | 00752nam a2200217Ia 4500 | ||
|---|---|---|---|
| 008 | 220216s9999 xx 000 0 und d | ||
| 100 | _aPradeep B | ||
| 245 | 0 | _aGeo-statistical modelling and assessment of soil fertility status of rubber plantations in a tropical region of Kerala | |
| 260 | _b38th Asian Conference on Remote Sensing (ACRS), Space Applications: Touching Human Lives, 23-27 October 2017, Asian Association on Remote Sensing, New Delhi, India. | ||
| 650 | _aGeo-statistical modelling | ||
| 650 | _aGIS | ||
| 650 | _aKriging | ||
| 650 | _aNatural rubber | ||
| 650 | _aRubSIS | ||
| 650 | _aSoil fertility | ||
| 650 | _aSpatial variability | ||
| 700 | _aAnand S.S | ||
| 700 | _aJacob J | ||
| 700 | _aJessy M.D | ||
| 942 | _cBS | ||
| 999 |
_c49498 _d49498 |
||